000 00523nam a2200193Ia 4500
005 20250923150028.0
008 008 250917s9999 xx 000 0 eng d
037 _aTextual
040 _aDSWL
_beng
_cDSWL
041 _aeng
_2eng
084 _aL:4:697, N87
_qDSWL
245 4 _aThe community health worker : Working guide
_c byW.H.O.
260 _aGeneva
_bW.H.O.
_c1987
300 _a467 p.
365 _aINR
_b685.00
925 _g685.00
942 _cTEXL
_hL:4:697, N87
999 _c1458694
_d1458694